| 000 | 01284nam a2200325 a 4500 | ||
|---|---|---|---|
| 001 | 000025150 | ||
| 005 | 20250707101256.0 | ||
| 008 | 110210s1979 mx r 001 0 spa d | ||
| 020 | _a9682304431 | ||
| 040 |
_aDO-SdBNP _bspa _cBNPHU |
||
| 041 | 1 | 7 |
_aspa _hfre _2Código de idiomas MARC |
| 082 |
_a320.1 _bB344c |
||
| 100 | 1 |
_aBauer, Otto. _951570 |
|
| 240 | 1 | 0 |
_aDie nationalitätenfrage und die socialdemokratie. _lEspañol |
| 245 | 1 | 3 |
_aLa cuestión de las nacionalidades y la social democracia / _cOtto Bauer ; traducción de Conrado Ceretti, Rodolfo Burkart e Irene del Carril, edición, José Aricó. |
| 260 |
_aMéxico, D. F. : _bSiglo Veintiuno Editores, _c1979. |
||
| 300 |
_a575 p. ; _c21 cm. |
||
| 534 |
_aTítulo original : _tDie nationalitätenfrage und die socialdemokratie |
||
| 504 | _aIncluye referencias bibliográfíca : 566-572 p. | ||
| 500 | _aIncluye notas al pie de las páginas. | ||
| 650 | 4 |
_aNacionalismo y socialismo _951571 |
|
| 650 | 4 |
_aEstado nacional _951572 |
|
| 650 | 0 |
_aCaracterísticas nacionales _96408 |
|
| 650 | 4 |
_aNacionalsocialismo _951573 |
|
| 700 | 1 |
_aCeretti, Conrado, _eed. _951574 |
|
| 700 | 1 |
_aAricó, José, _eed _946936 |
|
| 700 | 1 |
_aBurkart, Rodolfo, _etr. _951575 |
|
| 700 | 1 |
_aCarril, Irene del, _etr _951576 |
|
| 049 | _aBNGR | ||
| 999 |
_c24643 _d24643 |
||